000 00654nam a2200265Ia 4500
008 171120s9999 xx 000 0 und d
020 _a9.7881319131e+012
050 _a551.55
050 _bP376 2012
100 _aPegasus.
245 _aTornadoes :
245 _bchase a swirling wind with facts and pictures /
245 _cby Pegasus.
260 _aNew Delhi :
260 _bPegasus,
260 _c2012
300 _a31 pages :
300 _bcolor illustrations ;
300 _c28cm.
440 _aPegasus children's encyclopedia.
500 _aIncludes index.
650 _aTornadoes.
700 _aSeries.
700 _aTitle.
999 _c345213
_d345213